banner-ar

اعداد المناهج الدراسية : (Record no. 62390)

MARC details
000 -الفاتح
حقل البيانات ثابتة الطول 00821nam a22002297a 4500
005 - وقت وتاريخ اخر تعامل مع التسجيلة
رقم الضبط 20240530110548.0
008 - عناصر البيانات ثابتة الطول - معلومات عامة
حقل البيانات ثابتة الطول 160611s2013 ua a|||g b||| 00| 0 ara d
017 ## - رقم الايداع القانونى
رقم الايداع القانونى 2013/3249
المصدر ( الهيئة المختصة) مصر . دار الكتب المصرية
020 ## - الرقم الدولى المعيارى للكتب
الرقم الدولى المعيارى للكتاب 9789771028437
040 ## - مصدر الفهرسة
وكالة الفهرسة الأصلية EG-CaGPL
082 04 - رقم تصنيف ديوى العشرى
رقم التصنيف 375/
رقم المادة س أ
رقم الطبعة 21
100 0# - المدخل الرئيسى - إسم شخصى
الإسم الشخصى سعد احمد الجبالى
245 10 - بيان العنوان
العنوان اعداد المناهج الدراسية :
بقية العنوان مدخل النظم /
بيان المسئوليه,etc سعد احمد الجبالي.
250 ## - بيان الطبعة
بيان الطبعة ط. 2، محدثة.
260 ## - PUBLICATION, DISTRIBUTION, ETC. (IMPRINT)
تاريخ النشر أو التوزيع 2013.
300 ## - الوصف المادى
التعداد 336 ص. :
تفاصيل ماديه اخرى للوعاء ايض. ؛
أبعاد الوعاء 24 سم.
504 ## - تبصرة ببليوجرافية
تبصرة ببليوجرافية,الخ ببليوجرافية : ص. 319-336
651 04 - المدخل الاضافى بالموضوع - اسم جغرافى
الاسم الجغرافي المناهج
651 04 - المدخل الاضافى بالموضوع - اسم جغرافى
الاسم الجغرافي التعليم
التقسيم الفرعي العام مناهج
942 ## - عناصر المدخل الإضافي( كوها)
مصدر التصنيف او مخطط الترفيف Dewey Decimal Classification
Koha [default] item type كتاب
260 ## - PUBLICATION, DISTRIBUTION, ETC. (IMPRINT)
-- القاهرة :
-- دار الفكر العربي،
Holdings
حالة التراجع حالة الفقد حالة تلف ليس للاعارة المكان المؤقت الموقع الحالى تاريخ الاكتساب اجمالي اﻻعارات رقم الطلب الباركود تاريخ اخر مشاهدة تاريخ تفعيل السعر نوع وعاء كوها
        مكتبة القاهرة الكبرى مكتبة القاهرة الكبرى 06/11/2016   375/ س أ 162096 06/11/2016 06/11/2016 كتاب

Powered By

EGPV